<?xml version="1.0" encoding="UTF-8"?>
<collection xmlns="http://www.loc.gov/MARC21/slim">
 <record>
  <leader>01633nam a22002537a 4500</leader>
  <controlfield tag="001">NCT_44477</controlfield>
  <controlfield tag="008">180706b        xxu||||| |||| 00| 0 vie d</controlfield>
  <datafield tag="999" ind1=" " ind2=" ">
   <subfield code="c">2133</subfield>
   <subfield code="d">2133</subfield>
  </datafield>
  <datafield tag="020" ind1=" " ind2=" ">
   <subfield code="a">9786045737224</subfield>
   <subfield code="c">81000</subfield>
  </datafield>
  <datafield tag="082" ind1="0" ind2="4">
   <subfield code="2">23rd ed.</subfield>
   <subfield code="a">959.704</subfield>
   <subfield code="b">L205</subfield>
  </datafield>
  <datafield tag="100" ind1="1" ind2=" ">
   <subfield code="a">Nguyễn Thành Lê</subfield>
  </datafield>
  <datafield tag="245" ind1="1" ind2="0">
   <subfield code="a">Cuộc đàm phán Pari về Việt Nam (1968 - 1973)</subfield>
   <subfield code="c">Nguyễn Thành Lê</subfield>
  </datafield>
  <datafield tag="250" ind1=" " ind2=" ">
   <subfield code="a">Xuất bản lần thứ hai có sửa chữa, bổ sung</subfield>
  </datafield>
  <datafield tag="260" ind1=" " ind2=" ">
   <subfield code="a">H.</subfield>
   <subfield code="b">Chính trị quốc gia sự thật</subfield>
   <subfield code="c">2018</subfield>
  </datafield>
  <datafield tag="300" ind1=" " ind2=" ">
   <subfield code="a">318tr.</subfield>
   <subfield code="c">21cm</subfield>
  </datafield>
  <datafield tag="520" ind1="3" ind2=" ">
   <subfield code="a">Nội dung cuốn sách trình bày diễn biến cuộc đàm phán Pari về Việt Nam trong 5 năm từ 1968 đến 1973. </subfield>
  </datafield>
  <datafield tag="653" ind1=" " ind2=" ">
   <subfield code="a">Kinh tế chính trị</subfield>
  </datafield>
  <datafield tag="942" ind1=" " ind2=" ">
   <subfield code="2">ddc</subfield>
   <subfield code="c">BK</subfield>
  </datafield>
  <datafield tag="952" ind1=" " ind2=" ">
   <subfield code="0">0</subfield>
   <subfield code="1">0</subfield>
   <subfield code="2">ddc</subfield>
   <subfield code="4">0</subfield>
   <subfield code="6">959_704000000000000_L205</subfield>
   <subfield code="7">0</subfield>
   <subfield code="9">12125</subfield>
   <subfield code="a">000001</subfield>
   <subfield code="b">000001</subfield>
   <subfield code="d">2018-07-06</subfield>
   <subfield code="o">959.704 L205</subfield>
   <subfield code="p">MD.11227</subfield>
   <subfield code="r">2018-07-06</subfield>
   <subfield code="v">81000.00</subfield>
   <subfield code="w">2018-07-06</subfield>
   <subfield code="y">BK</subfield>
  </datafield>
  <datafield tag="952" ind1=" " ind2=" ">
   <subfield code="0">0</subfield>
   <subfield code="1">0</subfield>
   <subfield code="2">ddc</subfield>
   <subfield code="4">0</subfield>
   <subfield code="6">959_704000000000000_L205</subfield>
   <subfield code="7">0</subfield>
   <subfield code="9">12126</subfield>
   <subfield code="a">000001</subfield>
   <subfield code="b">000001</subfield>
   <subfield code="d">2018-07-06</subfield>
   <subfield code="o">959.704 L205</subfield>
   <subfield code="p">MD.11228</subfield>
   <subfield code="r">2018-07-06</subfield>
   <subfield code="v">81000.00</subfield>
   <subfield code="w">2018-07-06</subfield>
   <subfield code="y">BK</subfield>
  </datafield>
  <datafield tag="952" ind1=" " ind2=" ">
   <subfield code="0">0</subfield>
   <subfield code="1">0</subfield>
   <subfield code="2">ddc</subfield>
   <subfield code="4">0</subfield>
   <subfield code="6">959_704000000000000_L205</subfield>
   <subfield code="7">0</subfield>
   <subfield code="9">12127</subfield>
   <subfield code="a">000001</subfield>
   <subfield code="b">000001</subfield>
   <subfield code="d">2018-07-06</subfield>
   <subfield code="o">959.704 L205</subfield>
   <subfield code="p">MD.11229</subfield>
   <subfield code="r">2018-07-06</subfield>
   <subfield code="v">81000.00</subfield>
   <subfield code="w">2018-07-06</subfield>
   <subfield code="y">BK</subfield>
  </datafield>
  <datafield tag="952" ind1=" " ind2=" ">
   <subfield code="0">0</subfield>
   <subfield code="1">0</subfield>
   <subfield code="2">ddc</subfield>
   <subfield code="4">0</subfield>
   <subfield code="6">959_704000000000000_L205</subfield>
   <subfield code="7">0</subfield>
   <subfield code="9">12128</subfield>
   <subfield code="a">000001</subfield>
   <subfield code="b">000001</subfield>
   <subfield code="d">2018-07-06</subfield>
   <subfield code="l">1</subfield>
   <subfield code="m">1</subfield>
   <subfield code="o">959.704 L205</subfield>
   <subfield code="p">MD.11230</subfield>
   <subfield code="r">2021-03-30</subfield>
   <subfield code="s">2021-03-09</subfield>
   <subfield code="v">81000.00</subfield>
   <subfield code="w">2018-07-06</subfield>
   <subfield code="y">BK</subfield>
  </datafield>
  <datafield tag="952" ind1=" " ind2=" ">
   <subfield code="0">0</subfield>
   <subfield code="1">0</subfield>
   <subfield code="2">ddc</subfield>
   <subfield code="4">0</subfield>
   <subfield code="6">959_704000000000000_L205</subfield>
   <subfield code="7">0</subfield>
   <subfield code="9">12129</subfield>
   <subfield code="a">000001</subfield>
   <subfield code="b">000001</subfield>
   <subfield code="d">2018-07-06</subfield>
   <subfield code="o">959.704 L205</subfield>
   <subfield code="p">MD.11231</subfield>
   <subfield code="r">2018-07-06</subfield>
   <subfield code="v">81000.00</subfield>
   <subfield code="w">2018-07-06</subfield>
   <subfield code="y">BK</subfield>
  </datafield>
  <datafield tag="980" ind1=" " ind2=" ">
   <subfield code="a">Thư viện Trường Đại học Nam Cần Thơ</subfield>
  </datafield>
 </record>
</collection>
